书目信息 |
| 题名: |
家用汽车省钱方法与技巧
|
|
| 作者: | 曾壮 编 | |
| 分册: | ||
| 出版信息: | 北京 国防工业出版社 2006 |
|
| 页数: | 14,302页 | |
| 开本: | 20cm | |
| 丛书名: | ||
| 单 册: | ||
| 中图分类: | U471.2 | |
| 科图分类: | ||
| 主题词: | 汽车节油--基本知识 , 汽车节油 | |
| 电子资源: | ||
| ISBN: | 7-118-04307-9 | |
| 000 | 00725nam0 2200229 450 | |
| 001 | 010700019318 | |
| 005 | 20061123162414.03 | |
| 010 | @a7-118-04307-9@dCNY20.00 | |
| 100 | @a20060405d2006 em y0chiy0110 ea | |
| 101 | 0 | @achi |
| 102 | @aCN@b110000 | |
| 105 | @ak z 000yy | |
| 200 | 1 | @a家用汽车省钱方法与技巧@9jia yong qi che sheng qian fang fa yu ji qiao@f曾壮编 |
| 210 | @a北京@c国防工业出版社@d2006 | |
| 215 | @a14,302页@d20cm | |
| 330 | @a本书以问答的形式向车主介绍在购车、驾车、维修中、安全与保险等诸多环节中都有省油、省钱的窍门。 | |
| 606 | 0 | @a汽车节油@x基本知识 |
| 606 | 0 | @a汽车节油 |
| 690 | @aU471.2@v3 | |
| 701 | 0 | @a曾壮@9zeng zhuang@4编 |
| 801 | 0 | @aCN@bRENTIAN@c20061123 |
| 905 | @a10447@dU471.2@e144 | |
| 家用汽车省钱方法与技巧/曾壮编.-北京:国防工业出版社,2006 |
| 14,302页;20cm |
| ISBN 7-118-04307-9:CNY20.00 |
| 本书以问答的形式向车主介绍在购车、驾车、维修中、安全与保险等诸多环节中都有省油、省钱的窍门。 |
| ● |
| 相关链接 |
|
|
|
|
正题名:家用汽车省钱方法与技巧
索取号:U471.2/144
 
预约/预借
| 序号 | 登录号 | 条形码 | 馆藏地/架位号 | 状态 | 备注 |
| 1 | 0390461 | 203904613 | 第二样本阅览室/ [索取号:U471.2/144] | 在馆 | |
| 2 | 0390462 | 203904622 | 第三借阅区/ [索取号:U471.2/144] | 在馆 | |
| 3 | 0390463 | 203904631 | 第三借阅区/ [索取号:U471.2/144] | 在馆 |